Statistics for Daily Country Riddle #31

Click here to take the quiz!

General Stats

  • This quiz has been taken 159 times
  • The average score is 13 of 19

Answer Stats

TypeAnswer% Correct
Found LetterA
100%
Correctly Placed LetterA
98%
Found LetterI
98%
Found LetterN
93%
Found LetterE
90%
Correctly Placed LetterI
81%
Correctly Placed LetterN
80%
Found LetterN
80%
Found LetterS
78%
Found LetterI
63%
Found LetterO
54%
Correctly Placed LetterD
51%
Found LetterD
51%
Correctly Placed LetterE
51%
Correctly Placed LetterI
51%
Mystery CountryIndonesia
51%
Correctly Placed LetterN
51%
Correctly Placed LetterO
51%
Correctly Placed LetterS
51%

Score Distribution

Percentile by Number Answered

Percent of People with Each Score

Your Score History

You have not taken this quiz